The Carbon group - Statistics

General Stats
  • This quiz has been taken 34 times
  • The average score is 4 of 6
Answer Stats
# Answer % Correct
6 Carbon
100%
14 Silicon
80%
32 Germanium
65%
82 Lead
60%
50 Tin
60%
114 Flerovium
50%
No matching quizzes found
Score Distribution
Percent of People with Each Score
Percentile by Number Answered
Your Score History
You have not taken this quiz